[Event "Schleswig Holstein-ch U16"]
[Site "Neumuenster"]
[Date "2011.04.27"]
[Round "9.3"]
[White "Polert, Annika"]
[Black "Lengler, Tim"]
[Result "0-1"]
[WhiteElo "1718"]
[BlackElo "1637"]
[PlyCount "100"]
[EventDate "2011.04.25"]
[EventType "tourn"]
[EventRounds "9"]
[EventCountry "GER"]
[SourceTitle "EXT 2022"]
[Source "ChessBase"]
[SourceDate "2021.10.06"]
[SourceVersion "1"]
[SourceVersionDate "2021.10.06"]
[SourceQuality "1"]

1. c4 c5 2. g3 Nf6 3. Bg2 Nc6 4. Nc3 g6 5. Nf3 Bg7 6. d4 cxd4 7. Nxd4 0-0 8. 0-0 Qb6 9. Nb3 d6 10. Be3 Qd8 11. Qc1 Be6 12. c5 Bxb3 13. axb3 d5 14. Rd1 e6 15. Bf4 Qc8 16. Nb5 Ne8 17. Bh3 f5 18. Ra4 a6 19. Nd6 Nxd6 20. Bxd6 Rd8 21. Bf4 Ne5 22. Be3 Qc6 23. Qa1 Rdc8 24. Bd4 Qb5 25. b4 Qxe2 26. Bxe5 Qxe5 27. Re1 Qxb2 28. Qxb2 Bxb2 29. Rxe6 Re8 30. Re3 d4 31. Rd3 Re1+ 32. Bf1 Ra1 33. Rxa1 Bxa1 34. Bg2 Rb8 35. b5 axb5 36. Rb3 Re8 37. Bxb7 Re5 38. Rxb5 d3 39. Rb1 d2 40. Kg2 Re1 41. Bd5+ Kg7 42. Rb7+ Kh6 43. Bg8 Rg1+ 44. Kxg1 d1Q+ 45. Kg2 Bg7 46. c6 Qc2 47. Bd5 Bd4 48. c7 Qxf2+ 49. Kh3 g5 50. g4 Qf1+ 0-1

[Event "Schleswig Holstein-ch U16"]
[Site "Neumuenster"]
[Date "2011.04.25"]
[Round "1.4"]
[White "Marx, Inga"]
[Black "Polert, Annika"]
[Result "1/2-1/2"]
[WhiteElo "1773"]
[BlackElo "1718"]
[PlyCount "80"]
[EventDate "2011.04.25"]
[EventType "tourn"]
[EventRounds "9"]
[EventCountry "GER"]
[SourceTitle "EXT 2022"]
[Source "ChessBase"]
[SourceDate "2021.10.06"]
[SourceVersion "1"]
[SourceVersionDate "2021.10.06"]
[SourceQuality "1"]

1. e4 c5 2. Nf3 Nc6 3. d4 cxd4 4. Nxd4 Nf6 5. Nc3 a6 6. Be2 e5 7. Nb3 d6 8. Be3 Be6 9. 0-0 Be7 10. f3 0-0 11. Qd2 Rc8 12. Rfd1 Re8 13. Na4 b5 14. Nb6 Rb8 15. Nd5 Bf8 16. Nxf6+ Qxf6 17. Rac1 Rec8 18. c4 b4 19. c5 Bxb3 20. axb3 dxc5 21. Bxc5 Bxc5+ 22. Rxc5 Nd4 23. Rxc8+ Rxc8 24. Bc4 Qb6 25. Kh1 a5 26. f4 Rd8 27. fxe5 Nc6 28. Bd5 Nxe5 29. Qf4 Qf6 30. Qxf6 gxf6 31. Kg1 Rc8 32. h3 Rc5 33. Rd2 Kg7 34. Kf2 Kg6 35. Ke3 h6 36. Rf2 Rc7 37. Kd2 Kg7 38. Rf5 Kg6 39. Rf2 Kg7 40. Rf5 Kg6 1/2-1/2

[Event "GER-chT U14 Girls"]
[Site "Gross Doelln"]
[Date "2010.12.30"]
[Round "7.1"]
[White "Polert, Annika"]
[Black "Weber, Sandra"]
[Result "1-0"]
[WhiteElo "1762"]
[BlackElo "1575"]
[PlyCount "93"]
[EventDate "2010.12.27"]
[EventType "team-swiss"]
[EventRounds "7"]
[EventCountry "GER"]
[SourceTitle "CBM 140 Extra"]
[Source "ChessBase"]
[SourceDate "2011.03.01"]
[SourceVersion "1"]
[SourceVersionDate "2011.03.01"]
[SourceQuality "1"]
[WhiteTeam "Harksheide"]
[BlackTeam "Heilbronn Biberach"]
[WhiteTeamCountry "GER"]
[BlackTeamCountry "GER"]

1. c4 Nf6 2. g3 g6 3. Bg2 Bg7 4. Nc3 c6 5. e4 e5 6. Nge2 d6 7. d3 Nbd7 8. 0-0 Nc5 9. h3 Ne6 10. Be3 Bd7 11. Kh2 Nh5 12. d4 exd4 13. Nxd4 Nxd4 14. Bxd4 Be6 15. Bxg7 Nxg7 16. Qd4 0-0 17. Rad1 Qe7 18. b3 Rfd8 19. Rd2 a6 20. Rfd1 b5 21. cxb5 axb5 22. Qb4 Ne8 23. e5 Ra6 24. exd6 Qd7 25. Ne4 Qc8 26. Nc5 Ra7 27. Qf4 Bd7 28. Re1 Ng7 29. h4 Ne6 30. Nxe6 Bxe6 31. Qe3 Ra6 32. Qc5 Qb7 33. Qg5 Qa8 34. Qf6 Rd7 35. Bh3 Bxh3 36. Kxh3 Qc8 37. Kh2 c5 38. Re7 Rxe7 39. dxe7 Rxf6 40. Rd8+ Qxd8 41. exd8Q+ Kg7 42. Kg2 Ra6 43. Qd5 Rxa2 44. Qxc5 h5 45. Qxb5 Rd2 46. b4 Kf6 47. Qg5+ 1-0